Statistics for List of Prepositions Quiz

Click here to take the quiz!

General Stats

  • This quiz has been taken 20,107 times
    (20,093 since last reset)
  • The average score is 25 of 102

Answer Stats

Preposition % Correct
A
97%
In
84%
On
76%
Under
74%
To
74%
An
63%
Over
63%
At
62%
Of
60%
Out
59%
Above
58%
For
57%
With
54%
Before
52%
Up
52%
From
51%
After
51%
By
49%
Below
48%
As
47%
Down
46%
Around
46%
Beside
45%
Behind
44%
Inside
43%
About
43%
Into
42%
Between
39%
Without
38%
Outside
38%
Through
38%
Near
36%
Beneath
35%
Onto
34%
Next
33%
Off
31%
Within
31%
Toward
28%
Along
26%
Against
25%
Across
25%
But
24%
Underneath
23%
Among
23%
Beyond
21%
During
20%
Upon
19%
Until
17%
Aside
16%
Like
16%
Since
15%
Throughout
14%
Atop
14%
Amid
13%
Round
13%
Towards
13%
Besides
12%
Aboard
12%
Betwixt
11%
Except
11%
Past
11%
Alongside
10%
Than
10%
Per
10%
Amongst
10%
Opposite
9%
Amidst
8%
Pro
7%
Till
7%
Afore
7%
Despite
7%
Mid
7%
Via
7%
Astride
6%
Concerning
6%
Unlike
5%
Minus
5%
Regarding
5%
Plus
5%
Abaft
5%
Following
5%
Circa
5%
Sans
4%
Save
4%
Notwithstanding
4%
Versus
4%
Including
4%
Excluding
4%
Absent
4%
Vice
3%
Barring
3%
Times
3%
Qua
3%
Pace
3%
Midst
3%
Lest
3%
Given
3%
Apropos
3%
Athwart
3%
Worth
3%
Modulo
2%
Failing
2%

Score Distribution

Percentile by Number Answered

Percent of People with Each Score

Your Score History

You have not taken this quiz since the last reset